000 00643nam a2200241 a 4500
001 0001-1308
003 ELIB.Books
008 150709 2010 eng
020 _a9789657574041
035 _a(ELIB.Books)0001-1463
092 _a268.432
_bVam
100 _aVamosh, Miriam Feinberg
245 _aTeach It to Your Children:
_bHow Kids Lived in Bible Days
260 _aIsrael
_bAvi Ofra Media, Ltd.
_c2012
300 _a141
_c27
500 _aLibrary
650 _aChristian Education
856 _nKBTS: Library
_uKBTS: Elib
942 _2ddc
_cBK
990 _a1
998 _cbat
_e2015-07-09
999 _c11308
_d11308